Statystyki dla Wymiana Handlowa Polski (Import i Eksport)

Kliknij tutaj aby rozwiązać quiz!

Ogólne statystyki

  • Ten quiz został rozwiązany 480 razy
  • Średni wynik to 11 z 12

Statystyki odpowiedzi

Lp.Część importu całkowitegoKraj% Poprawnych
1.23.1 %Niemcy
100%
3.6.4 %Rosja
99%
10.2.4 %Wielka Brytania
97%
5.3.9 %Francja
96%
8.2.8 %Stany Zjednoczone
96%
2.11.8 %Chiny
94%
4.5.3 %Włochy
91%
7.3.6 %Czechy
90%
9.2.7Hiszpania
90%
8.2.8Szwecja
79%
6.3.8 %Holandia
72%
9.2.6 %Belgia
70%

Rozkład punktacji

Percentyl według liczby udzielonych odpowiedzi

Procent ludzi z każdym wynikiem

Twoja historia wyników

Nie rozwiązałeś tego quizu